[Event "25th 4NCL Congress"]
[Site "Leamington Spa, United Kingdom"]
[Date "2021.07.11"]
[Round "5.6"]
[White "Makkar, Rajat"]
[Black "Villiers, Thomas"]
[Result "1/2-1/2"]
[TimeControl "All moves in 90 minutes + 30 seconds per move"]
[WhiteElo "2230"]
[BlackElo "2161"]

1. d4 {[%clk 01:30:50]} {[%emt 00:00:08]} Nf6 {[%clk 01:30:54]} {[%emt
00:00:06]} 2. c4 {[%clk 01:31:16]} {[%emt 00:00:05]} e6 {[%clk 01:31:17]}
{[%emt 00:00:06]} 3. g3 {[%clk 01:31:29]} {[%emt 00:00:17]} d5 {[%clk
01:31:28]} {[%emt 00:00:19]} 4. Bg2 {[%clk 01:31:54]} {[%emt 00:00:06]} Be7
{[%clk 01:31:52]} {[%emt 00:00:05]} 5. Nf3 {[%clk 01:31:54]} {[%emt 00:00:30]}
O-O {[%clk 01:32:14]} {[%emt 00:00:09]} 6. O-O {[%clk 01:32:08]} {[%emt
00:00:15]} c6 {[%clk 01:32:36]} {[%emt 00:00:08]} 7. Qc2 {[%clk 01:31:45]}
{[%emt 00:00:52]} Nbd7 {[%clk 01:32:54]} {[%emt 00:00:12]} 8. Nbd2 {[%clk
01:31:52]} {[%emt 00:00:24]} b6 {[%clk 01:33:15]} {[%emt 00:00:09]} 9. e4
{[%clk 01:32:04]} {[%emt 00:00:18]} dxe4 {[%clk 01:32:15]} {[%emt 00:01:31]} 10.
Nxe4 {[%clk 01:32:16]} {[%emt 00:00:17]} Bb7 {[%clk 01:32:15]} {[%emt
00:00:31]} 11. Rd1 {[%clk 01:31:26]} {[%emt 00:01:19]} Nxe4 {[%clk 01:31:23]}
{[%emt 00:01:22]} 12. Qxe4 {[%clk 01:31:48]} {[%emt 00:00:08]} Qc7 {[%clk
01:30:25]} {[%emt 00:01:28]} 13. Bf4 {[%clk 01:30:57]} {[%emt 00:01:22]} Bd6
{[%clk 01:30:49]} {[%emt 00:00:05]} 14. Bxd6 {[%clk 01:28:52]} {[%emt
00:02:34]} Qxd6 {[%clk 01:31:11]} {[%emt 00:00:08]} 15. c5 {[%clk 01:23:53]}
{[%emt 00:05:30]} Qe7 {[%clk 01:31:11]} {[%emt 00:00:29]} 16. Ne5 {[%clk
01:21:32]} {[%emt 00:02:51]} Nf6 {[%clk 01:29:06]} {[%emt 00:02:35]} 17. Qc2
{[%clk 01:18:44]} {[%emt 00:03:18]} bxc5 {[%clk 01:22:39]} {[%emt 00:06:57]} 18.
dxc5 {[%clk 01:17:14]} {[%emt 00:02:00]} Nd5 {[%clk 01:23:01]} {[%emt
00:00:08]} 19. a3 {[%clk 01:12:13]} {[%emt 00:05:30]} f6 {[%clk 01:09:30]}
{[%emt 00:14:03]} 20. Nd3 {[%clk 01:11:38]} {[%emt 00:01:02]} Ba6 {[%clk
01:06:47]} {[%emt 00:03:15]} 21. Nb4 {[%clk 01:08:05]} {[%emt 00:04:03]} Bb5
{[%clk 01:04:14]} {[%emt 00:03:02]} 22. Nxd5 {[%clk 01:01:27]} {[%emt
00:07:08]} exd5 {[%clk 00:57:20]} {[%emt 00:07:24]} 23. a4 {[%clk 00:59:21]}
{[%emt 00:02:35]} Ba6 {[%clk 00:57:48]} {[%emt 00:00:02]} 24. Rd4 {[%clk
00:55:32]} {[%emt 00:04:18]} Rfe8 {[%clk 00:56:06]} {[%emt 00:02:13]} 25. Qc3
{[%clk 00:51:03]} {[%emt 00:04:55]} Rab8 {[%emt 00:10:45]} 26. b4 {[%clk
00:43:04]} Kh8 {[%clk 00:51:39]} {[%emt 00:03:13]} 27. b5 {[%clk 00:35:14]}
{[%emt 00:08:22]} cxb5 {[%clk 00:45:11]} {[%emt 00:06:58]} 28. axb5 {[%clk
00:33:39]} {[%emt 00:02:05]} Bxb5 {[%clk 00:44:53]} {[%emt 00:00:48]} 29. Bxd5
{[%clk 00:32:52]} {[%emt 00:01:16]} Rec8 {[%clk 00:40:49]} {[%emt 00:04:34]} 30.
Rc1 {[%clk 00:29:42]} {[%emt 00:03:40]} Bc6 {[%clk 00:40:45]} {[%emt 00:00:34]}
1/2-1/2

[Event "25th 4NCL Congress"]
[Site "Leamington Spa, United Kingdom"]
[Date "2021.07.11"]
[Round "5.7"]
[White "Kett, Timothy J"]
[Black "Stoica, Savas Marin"]
[Result "1/2-1/2"]
[TimeControl "All moves in 90 minutes + 30 seconds per move"]
[WhiteElo "2178"]
[BlackElo "1833"]

1. e4 {[%clk 01:29:58]} {[%emt 00:01:01]} c5 {[%clk 01:30:43]} {[%emt
00:00:18]} 2. Nf3 {[%clk 01:30:21]} {[%emt 00:00:07]} Nc6 {[%clk 01:31:08]}
{[%emt 00:00:06]} 3. d4 {[%clk 01:30:45]} {[%emt 00:00:05]} cxd4 {[%clk
01:31:29]} {[%emt 00:00:09]} 4. Nxd4 {[%clk 01:31:11]} {[%emt 00:00:03]} Nf6
{[%clk 01:31:50]} {[%emt 00:00:09]} 5. Nc3 {[%clk 01:31:37]} {[%emt 00:00:04]}
e5 {[%clk 01:32:13]} {[%emt 00:00:07]} 6. Ndb5 {[%clk 01:31:58]} {[%emt
00:00:09]} d6 {[%clk 01:32:36]} {[%emt 00:00:08]} 7. Bg5 {[%clk 01:32:14]}
{[%emt 00:00:05]} a6 {[%clk 01:33:01]} {[%emt 00:00:14]} 8. Na3 {[%clk
01:32:33]} {[%emt 00:00:11]} b5 {[%clk 01:33:26]} {[%emt 00:00:05]} 9. Bxf6
{[%clk 01:32:57]} {[%emt 00:00:05]} gxf6 {[%clk 01:33:50]} {[%emt 00:00:06]} 10.
Nd5 {[%clk 01:33:22]} {[%emt 00:00:05]} Be6 {[%clk 01:34:08]} {[%emt 00:00:13]}
11. Bd3 {[%clk 01:29:39]} {[%emt 00:04:12]} f5 {[%clk 01:34:32]} {[%emt
00:00:07]} 12. O-O {[%clk 01:29:38]} {[%emt 00:00:31]} Bxd5 {[%clk 01:34:28]}
{[%emt 00:00:35]} 13. exd5 {[%clk 01:30:01]} {[%emt 00:00:05]} Ne7 {[%clk
01:34:54]} {[%emt 00:00:04]} 14. Nxb5 {[%clk 01:24:51]} {[%emt 00:05:40]} Bg7
{[%clk 01:35:21]} {[%emt 00:00:04]} 15. Nc3 {[%clk 01:21:22]} {[%emt 00:03:58]}
O-O {[%clk 01:35:46]} {[%emt 00:00:05]} 16. Qh5 {[%clk 01:08:15]} {[%emt
00:13:36]} e4 {[%clk 01:36:09]} {[%emt 00:00:08]} 17. Be2 {[%clk 01:08:29]}
{[%emt 00:00:14]} Qd7 {[%clk 01:28:47]} {[%emt 00:07:54]} 18. f3 {[%clk
00:53:35]} {[%emt 00:15:24]} Qb7 {[%clk 01:09:11]} {[%emt 00:20:06]} 19. Rab1
{[%clk 00:42:18]} {[%emt 00:11:46]} Nxd5 {[%clk 01:03:03]} {[%emt 00:06:39]} 20.
Nxd5 {[%clk 00:37:23]} {[%emt 00:05:25]} Qxd5 {[%clk 01:03:13]} {[%emt
00:00:20]} 21. fxe4 {[%clk 00:36:08]} {[%emt 00:01:46]} Qc5+ {[%clk 01:03:41]}
{[%emt 00:00:02]} 22. Kh1 {[%clk 00:36:28]} {[%emt 00:00:08]} fxe4 {[%clk
01:04:07]} {[%emt 00:00:05]} 23. Qxc5 {[%clk 00:25:22]} {[%emt 00:11:37]} dxc5
{[%clk 01:04:31]} {[%emt 00:00:06]} 24. b3 {[%clk 00:19:06]} {[%emt 00:06:45]}
f5 {[%clk 00:57:54]} {[%emt 00:07:07]} 1/2-1/2

[Event "25th 4NCL Congress"]
[Site "Leamington Spa, United Kingdom"]
[Date "2021.07.11"]
[Round "5.8"]
[White "Zhu, Yaoyao"]
[Black "Sowray, Peter J"]
[Result "0-1"]
[TimeControl "All moves in 90 minutes + 30 seconds per move"]
[WhiteElo "1859"]
[BlackElo "2195"]

1. e4 {[%clk 01:30:57]} {[%emt 00:00:03]} e5 {[%clk 01:30:53]} {[%emt
00:00:07]} 2. Nf3 {[%clk 01:31:21]} {[%emt 00:00:06]} Nc6 {[%clk 01:31:18]}
{[%emt 00:00:05]} 3. Bc4 {[%clk 01:31:43]} {[%emt 00:00:09]} Nf6 {[%clk
01:31:41]} {[%emt 00:00:06]} 4. d3 {[%clk 01:32:07]} {[%emt 00:00:06]} Be7
{[%clk 01:32:03]} {[%emt 00:00:08]} 5. O-O {[%clk 01:32:06]} {[%emt 00:00:31]}
O-O {[%clk 01:32:05]} {[%emt 00:00:28]} 6. c3 {[%clk 01:32:14]} {[%emt
00:00:23]} d6 {[%clk 01:30:35]} {[%emt 00:01:59]} 7. Re1 {[%clk 01:29:54]}
{[%emt 00:02:50]} Na5 {[%clk 01:30:51]} {[%emt 00:00:14]} 8. Bb5 {[%clk
01:29:56]} {[%emt 00:00:28]} a6 {[%clk 01:31:11]} {[%emt 00:00:10]} 9. Ba4
{[%clk 01:30:21]} {[%emt 00:00:06]} b5 {[%clk 01:31:34]} {[%emt 00:00:06]} 10.
Bc2 {[%clk 01:30:46]} {[%emt 00:00:06]} c5 {[%clk 01:31:41]} {[%emt 00:00:23]}
11. Nbd2 {[%clk 01:27:31]} {[%emt 00:03:46]} Re8 {[%clk 01:30:43]} {[%emt
00:01:27]} 12. Nf1 {[%clk 01:27:15]} {[%emt 00:00:47]} Bf8 {[%clk 01:30:49]}
{[%emt 00:00:24]} 13. d4 {[%clk 01:26:00]} {[%emt 00:01:46]} exd4 {[%clk
01:28:47]} {[%emt 00:02:31]} 14. cxd4 {[%clk 01:25:59]} {[%emt 00:00:31]} Bg4
{[%clk 01:29:07]} {[%emt 00:00:10]} 15. Ne3 {[%clk 01:15:14]} {[%emt 00:11:16]}
Bxf3 {[%clk 01:27:12]} {[%emt 00:02:25]} 16. Qxf3 {[%clk 01:15:19]} {[%emt
00:00:25]} cxd4 {[%clk 01:25:12]} {[%emt 00:02:29]} 17. Nf5 {[%clk 01:14:41]}
{[%emt 00:01:09]} Qb6 {[%clk 01:16:54]} {[%emt 00:08:46]} 18. Bg5 {[%clk
00:53:52]} {[%emt 00:21:20]} Nd7 {[%clk 01:17:01]} {[%emt 00:00:23]} 19. Qd3
{[%clk 00:54:00]} {[%emt 00:00:22]} g6 {[%clk 01:07:31]} {[%emt 00:10:00]} 20.
Nxd4 {[%clk 00:51:04]} {[%emt 00:03:26]} Ne5 {[%clk 01:07:19]} {[%emt
00:00:42]} 21. Qd1 {[%clk 00:50:11]} {[%emt 00:01:23]} Bg7 {[%clk 01:05:50]}
{[%emt 00:01:59]} 22. Be3 {[%clk 00:35:31]} {[%emt 00:15:10]} Nec4 {[%clk
01:03:59]} {[%emt 00:02:20]} 23. Nf5 {[%clk 00:35:02]} {[%emt 00:01:00]} Nxe3
{[%clk 01:03:58]} {[%emt 00:00:31]} 24. Nxe3 {[%clk 00:35:30]} {[%emt
00:00:03]} Bxb2 {[%clk 01:02:38]} {[%emt 00:01:50]} 25. Nd5 {[%clk 00:34:08]}
{[%emt 00:01:52]} Qd8 {[%clk 01:01:50]} {[%emt 00:01:17]} 26. Rb1 {[%clk
00:34:11]} {[%emt 00:00:28]} Be5 {[%clk 01:01:05]} {[%emt 00:01:15]} 27. a4
{[%clk 00:31:51]} {[%emt 00:02:51]} Rb8 {[%clk 00:59:42]} {[%emt 00:01:52]} 28.
axb5 {[%clk 00:31:01]} {[%emt 00:01:21]} axb5 {[%clk 00:59:44]} {[%emt
00:00:28]} 29. Bd3 {[%clk 00:30:24]} {[%emt 00:01:07]} b4 {[%clk 00:56:25]}
{[%emt 00:03:49]} 30. Qa4 {[%clk 00:19:48]} {[%emt 00:11:06]} b3 {[%clk
00:55:55]} {[%emt 00:00:59]} 31. Bb5 {[%clk 00:20:09]} {[%emt 00:00:10]} Rf8
{[%clk 00:55:58]} {[%emt 00:00:27]} 32. f4 {[%clk 00:18:18]} {[%emt 00:02:21]}
Bg7 {[%clk 00:55:25]} {[%emt 00:01:01]} 33. f5 {[%clk 00:17:43]} {[%emt
00:01:06]} b2 {[%clk 00:50:42]} {[%emt 00:05:13]} 34. Rf1 {[%clk 00:16:01]}
{[%emt 00:02:13]} Be5 {[%clk 00:50:49]} {[%emt 00:00:22]} 35. f6 {[%clk
00:14:41]} {[%emt 00:01:51]} Kh8 {[%clk 00:49:32]} {[%emt 00:01:47]} 36. Qb4
{[%clk 00:06:13]} {[%emt 00:08:58]} Rg8 {[%clk 00:46:04]} {[%emt 00:03:56]} 37.
Rxb2 {[%clk 00:04:05]} {[%emt 00:02:39]} Bxb2 {[%clk 00:45:21]} {[%emt
00:01:13]} 38. Qxb2 {[%clk 00:04:33]} {[%emt 00:00:02]} Nc4 {[%clk 00:44:53]}
{[%emt 00:00:57]} 39. Qc1 {[%clk 00:03:58]} {[%emt 00:01:06]} Ne5 {[%clk
00:44:08]} {[%emt 00:01:14]} 40. Be2 {[%clk 00:04:14]} {[%emt 00:00:15]} Nd7
{[%clk 00:37:24]} {[%emt 00:07:14]} 41. Qh6 {[%clk 00:03:31]} {[%emt 00:01:12]}
Rb2 {[%clk 00:36:45]} {[%emt 00:01:10]} 42. Rf3 {[%clk 00:03:30]} {[%emt
00:00:31]} Qf8 {[%clk 00:36:42]} {[%emt 00:00:32]} 43. Qe3 {[%clk 00:03:13]}
{[%emt 00:00:47]} Ne5 {[%clk 00:31:09]} {[%emt 00:06:03]} 44. Rh3 {[%clk
00:03:17]} {[%emt 00:00:26]} Nc6 {[%clk 00:30:57]} {[%emt 00:00:41]} 45. Rh6
{[%clk 00:03:03]} {[%emt 00:00:45]} Rxe2 {[%clk 00:25:50]} {[%emt 00:05:37]} 46.
Qh3 {[%clk 00:03:13]} {[%emt 00:00:20]} Qxh6 {[%clk 00:26:06]} {[%emt
00:00:14]} 47. Qxh6 {[%clk 00:03:37]} {[%emt 00:00:07]} Re1+ {[%clk 00:25:18]}
{[%emt 00:01:18]} 48. Kf2 {[%clk 00:04:00]} {[%emt 00:00:07]} Rxe4 {[%clk
00:25:45]} {[%emt 00:00:02]} 49. Qc1 {[%clk 00:03:26]} {[%emt 00:01:05]} Ne5
{[%clk 00:23:57]} {[%emt 00:02:17]} 50. Qc2 {[%clk 00:03:08]} {[%emt 00:00:48]}
Rc4 {[%clk 00:23:48]} {[%emt 00:00:38]} 51. Qb3 {[%clk 00:03:16]} {[%emt
00:00:23]} Rgc8 {[%clk 00:23:17]} {[%emt 00:01:02]} 52. h3 {[%clk 00:02:48]}
{[%emt 00:00:57]} h5 {[%clk 00:23:04]} {[%emt 00:00:43]} 53. Qb7 {[%clk
00:01:50]} {[%emt 00:01:29]} Kh7 {[%clk 00:22:21]} {[%emt 00:01:12]} 54. Qd7
{[%clk 00:01:46]} {[%emt 00:00:34]} 0-1

[Event "25th 4NCL Congress"]
[Site "Leamington Spa, United Kingdom"]
[Date "2021.07.11"]
[Round "5.9"]
[White "Paterson, Andrew I"]
[Black "Wells, Peter K"]
[Result "1/2-1/2"]
[TimeControl "All moves in 90 minutes + 30 seconds per move"]
[WhiteElo "2046"]
[BlackElo "2397"]

1. e4 {[%clk 01:30:56]} {[%emt 00:00:03]} c6 {[%clk 01:27:20]} {[%emt
00:03:41]} 2. d4 {[%clk 01:31:18]} {[%emt 00:00:07]} d5 {[%clk 01:27:47]}
{[%emt 00:00:04]} 3. exd5 {[%clk 01:31:38]} {[%emt 00:00:10]} cxd5 {[%clk
01:28:14]} {[%emt 00:00:04]} 4. Bf4 {[%clk 01:30:58]} {[%emt 00:01:09]} Nc6
{[%clk 01:27:31]} {[%emt 00:01:13]} 5. c3 {[%clk 01:31:20]} {[%emt 00:00:08]}
Nf6 {[%clk 01:27:02]} {[%emt 00:00:58]} 6. Bd3 {[%clk 01:31:38]} {[%emt
00:00:12]} Bg4 {[%clk 01:24:53]} {[%emt 00:02:40]} 7. Qb3 {[%clk 01:31:16]}
{[%emt 00:00:51]} Qd7 {[%clk 01:25:11]} {[%emt 00:00:14]} 8. Nd2 {[%clk
01:31:33]} {[%emt 00:00:12]} e6 {[%clk 01:25:21]} {[%emt 00:00:20]} 9. Ngf3
{[%clk 01:31:51]} {[%emt 00:00:12]} Bxf3 {[%clk 01:25:32]} {[%emt 00:00:20]} 10.
Nxf3 {[%clk 01:32:11]} {[%emt 00:00:08]} Bd6 {[%clk 01:25:57]} {[%emt
00:00:06]} 11. Bxd6 {[%clk 01:32:28]} {[%emt 00:00:12]} Qxd6 {[%clk 01:26:25]}
{[%emt 00:00:03]} 12. O-O {[%clk 01:32:45]} {[%emt 00:00:12]} O-O {[%clk
01:14:36]} {[%emt 00:12:18]} 13. Rae1 {[%clk 01:33:07]} {[%emt 00:00:08]} Qc7
{[%clk 01:09:44]} {[%emt 00:05:22]} 14. Qd1 {[%clk 01:33:06]} {[%emt 00:00:31]}
Rab8 {[%clk 01:03:17]} {[%emt 00:06:58]} 15. Re3 {[%clk 01:33:16]} {[%emt
00:00:19]} g6 {[%clk 00:51:40]} {[%emt 00:12:08]} 16. Nd2 {[%clk 01:32:42]}
{[%emt 00:01:02]} e5 {[%clk 00:43:01]} {[%emt 00:09:10]} 17. dxe5 {[%clk
01:28:28]} {[%emt 00:04:44]} Nxe5 {[%clk 00:40:57]} {[%emt 00:02:36]} 18. Qa4
{[%clk 01:10:02]} {[%emt 00:18:55]} Nfg4 {[%clk 00:32:20]} {[%emt 00:09:08]} 19.
Rh3 {[%clk 01:07:18]} {[%emt 00:03:12]} Nxd3 {[%clk 00:28:08]} {[%emt
00:04:44]} 20. Qxg4 {[%clk 01:07:28]} {[%emt 00:00:19]} Nxb2 {[%clk 00:28:23]}
{[%emt 00:00:17]} 21. Qh4 {[%clk 01:03:22]} {[%emt 00:04:35]} h5 {[%clk
00:25:17]} {[%emt 00:03:36]} 22. Nf3 {[%clk 00:46:37]} {[%emt 00:17:15]} Rfe8
{[%clk 00:21:29]} {[%emt 00:04:19]} 23. Nd4 {[%clk 00:40:56]} {[%emt 00:06:10]}
Nc4 {[%clk 00:17:14]} {[%emt 00:04:47]} 24. g4 {[%clk 00:21:12]} {[%emt
00:20:13]} Qf4 {[%clk 00:08:07]} {[%emt 00:09:38]} 25. gxh5 {[%clk 00:21:34]}
{[%emt 00:00:07]} Qxh4 {[%clk 00:08:30]} {[%emt 00:00:07]} 26. Rxh4 {[%clk
00:21:58]} {[%emt 00:00:05]} Nd2 {[%clk 00:06:06]} {[%emt 00:02:54]} 27. Rd1
{[%clk 00:22:03]} {[%emt 00:00:24]} Ne4 {[%clk 00:06:29]} {[%emt 00:00:07]} 28.
hxg6 {[%clk 00:21:41]} {[%emt 00:00:52]} fxg6 {[%clk 00:06:50]} {[%emt
00:00:10]} 29. Rd3 {[%clk 00:21:52]} {[%emt 00:00:18]} Kg7 {[%clk 00:05:21]}
{[%emt 00:02:00]} 1/2-1/2

[Event "25th 4NCL Congress"]
[Site "Leamington Spa, United Kingdom"]
[Date "2021.07.11"]
[Round "5.10"]
[White "Turner, Max N"]
[Black "Finn, Peter"]
[Result "1/2-1/2"]
[TimeControl "All moves in 90 minutes + 30 seconds per move"]
[WhiteElo "2222"]
[BlackElo "1959"]

1. d4 {[%clk 01:30:55]} {[%emt 00:00:03]} Nf6 {[%clk 01:30:56]} {[%emt
00:00:04]} 2. c4 {[%clk 01:31:13]} {[%emt 00:00:13]} e6 {[%clk 01:31:22]}
{[%emt 00:00:04]} 3. Nc3 {[%clk 01:31:12]} {[%emt 00:00:31]} Bb4 {[%clk
01:31:47]} {[%emt 00:00:06]} 4. e3 {[%clk 01:31:28]} {[%emt 00:00:13]} O-O
{[%clk 01:32:11]} {[%emt 00:00:07]} 5. Nge2 {[%clk 01:31:39]} {[%emt 00:00:19]}
d5 {[%clk 01:32:35]} {[%emt 00:00:06]} 6. a3 {[%clk 01:31:50]} {[%emt
00:00:19]} Bd6 {[%clk 01:33:01]} {[%emt 00:00:04]} 7. cxd5 {[%clk 01:31:36]}
{[%emt 00:00:44]} exd5 {[%clk 01:33:16]} {[%emt 00:00:15]} 8. Ng3 {[%clk
01:31:19]} {[%emt 00:00:47]} Re8 {[%clk 01:30:42]} {[%emt 00:03:04]} 9. Be2
{[%clk 01:30:24]} {[%emt 00:01:25]} c6 {[%clk 01:30:28]} {[%emt 00:00:45]} 10.
O-O {[%clk 01:28:47]} {[%emt 00:02:07]} a5 {[%clk 01:28:34]} {[%emt 00:02:24]}
11. Bf3 {[%clk 01:26:55]} {[%emt 00:02:21]} Na6 {[%clk 01:24:47]} {[%emt
00:04:18]} 12. Re1 {[%clk 01:24:53]} {[%emt 00:02:31]} Nc7 {[%clk 01:23:24]}
{[%emt 00:01:53]} 13. e4 {[%clk 01:20:45]} {[%emt 00:04:39]} dxe4 {[%clk
01:22:29]} {[%emt 00:01:25]} 14. Ngxe4 {[%clk 01:20:15]} {[%emt 00:01:00]} Nxe4
{[%clk 01:22:44]} {[%emt 00:00:15]} 15. Nxe4 {[%clk 01:20:25]} {[%emt
00:00:20]} h6 {[%clk 01:19:33]} {[%emt 00:03:41]} 16. Nxd6 {[%clk 01:17:41]}
{[%emt 00:03:15]} Rxe1+ {[%clk 01:19:30]} {[%emt 00:00:33]} 17. Qxe1 {[%clk
01:18:04]} {[%emt 00:00:07]} Qxd6 {[%clk 01:19:56]} {[%emt 00:00:04]} 18. Be3
{[%clk 01:16:56]} {[%emt 00:01:38]} Be6 {[%clk 01:18:47]} {[%emt 00:01:39]} 19.
Rc1 {[%clk 01:15:36]} {[%emt 00:01:50]} Bd5 {[%clk 01:18:30]} {[%emt 00:00:47]}
20. Be2 {[%clk 01:11:47]} {[%emt 00:04:19]} a4 {[%clk 01:14:51]} {[%emt
00:04:09]} 21. Qd2 {[%clk 01:10:52]} {[%emt 00:01:25]} Qg6 {[%clk 01:11:49]}
{[%emt 00:03:32]} 22. Bf1 {[%clk 01:10:42]} {[%emt 00:00:39]} Ne8 {[%clk
01:10:16]} {[%emt 00:02:04]} 23. Kh1 {[%clk 01:08:38]} {[%emt 00:02:33]} Nd6
{[%clk 01:07:56]} {[%emt 00:02:50]} 24. f3 {[%clk 01:08:31]} {[%emt 00:00:37]}
Re8 {[%clk 01:03:51]} {[%emt 00:04:35]} 25. Bf2 {[%clk 01:08:26]} {[%emt
00:00:35]} b5 {[%clk 01:02:12]} {[%emt 00:02:10]} 26. Bd3 {[%clk 01:07:23]}
{[%emt 00:01:33]} Qe6 {[%clk 01:01:04]} {[%emt 00:01:37]} 27. Re1 {[%clk
01:05:41]} {[%emt 00:02:13]} Qd7 {[%clk 01:01:15]} {[%emt 00:00:18]} 28. Bg3
{[%clk 01:05:33]} {[%emt 00:00:38]} Nc4 {[%clk 01:00:35]} {[%emt 00:01:11]} 29.
Bxc4 {[%clk 01:05:20]} {[%emt 00:00:44]} Rxe1+ {[%clk 01:00:11]} {[%emt
00:00:54]} 30. Bxe1 {[%clk 01:04:40]} {[%emt 00:01:10]} Bxc4 {[%clk 01:00:30]}
1/2-1/2

[Event "25th 4NCL Congress"]
[Site "Leamington Spa, United Kingdom"]
[Date "2021.07.11"]
[Round "5.11"]
[White "De Coverly, Roger D"]
[Black "Sedykh, Mikhail"]
[Result "0-1"]
[TimeControl "All moves in 90 minutes + 30 seconds per move"]
[WhiteElo "1958"]
[BlackElo "2119"]

1. e4 {[%clk 01:30:55]} {[%emt 00:00:04]} c5 {[%clk 01:30:57]} {[%emt
00:00:04]} 2. d4 {[%clk 01:31:18]} {[%emt 00:00:07]} cxd4 {[%clk 01:31:23]}
{[%emt 00:00:04]} 3. Qxd4 {[%clk 01:31:41]} {[%emt 00:00:06]} Nc6 {[%clk
01:31:45]} {[%emt 00:00:08]} 4. Qe3 {[%clk 01:31:37]} {[%emt 00:00:34]} Nf6
{[%clk 01:27:49]} {[%emt 00:04:26]} 5. Nc3 {[%clk 01:31:51]} {[%emt 00:00:16]}
d5 {[%clk 01:20:05]} {[%emt 00:08:15]} 6. exd5 {[%clk 01:28:59]} {[%emt
00:03:21]} Nxd5 {[%clk 01:16:30]} {[%emt 00:04:05]} 7. Nxd5 {[%clk 01:26:50]}
{[%emt 00:02:39]} Qxd5 {[%clk 01:16:56]} {[%emt 00:00:04]} 8. Bd2 {[%clk
01:23:59]} {[%emt 00:03:19]} Bf5 {[%clk 01:11:44]} {[%emt 00:05:43]} 9. c4
{[%clk 01:21:32]} {[%emt 00:02:59]} Qe4 {[%clk 01:08:30]} {[%emt 00:03:45]} 10.
Qxe4 {[%clk 01:19:48]} {[%emt 00:02:13]} Bxe4 {[%clk 01:08:58]} 11. Ne2 {[%clk
01:17:49]} {[%emt 00:02:30]} O-O-O {[%clk 01:00:20]} {[%emt 00:09:09]} 12. Ng3
{[%clk 01:14:32]} {[%emt 00:03:46]} Bg6 {[%clk 00:58:27]} {[%emt 00:02:24]} 13.
h4 {[%clk 01:13:13]} {[%emt 00:01:48]} Ne5 {[%clk 00:41:33]} {[%emt 00:17:23]}
14. h5 {[%clk 01:06:11]} {[%emt 00:07:33]} Bd3 {[%clk 00:41:32]} {[%emt
00:00:31]} 15. Bc3 {[%clk 01:02:47]} {[%emt 00:03:53]} Bxf1 {[%clk 00:36:57]}
{[%emt 00:05:06]} 16. Kxf1 {[%clk 01:02:51]} {[%emt 00:00:26]} Nxc4 {[%clk
00:36:19]} {[%emt 00:01:08]} 17. Rc1 {[%clk 01:00:06]} {[%emt 00:03:15]} Kb8
{[%clk 00:34:54]} {[%emt 00:01:55]} 18. h6 {[%clk 00:59:20]} {[%emt 00:01:16]}
f6 {[%clk 00:33:43]} {[%emt 00:01:41]} 19. hxg7 {[%clk 00:56:42]} {[%emt
00:03:07]} Bxg7 {[%clk 00:34:10]} {[%emt 00:00:04]} 20. Bb4 {[%clk 00:50:23]}
{[%emt 00:06:49]} Rc8 {[%clk 00:18:54]} {[%emt 00:15:47]} 21. Ke2 {[%clk
00:46:42]} {[%emt 00:04:11]} h6 {[%clk 00:09:57]} {[%emt 00:09:29]} 22. Nf5
{[%clk 00:45:00]} {[%emt 00:02:10]} Bf8 {[%clk 00:09:43]} {[%emt 00:00:44]} 23.
b3 {[%clk 00:29:17]} {[%emt 00:16:13]} Nb6 {[%clk 00:10:08]} {[%emt 00:00:05]}
24. Rxc8+ {[%clk 00:29:22]} {[%emt 00:00:24]} Nxc8 {[%clk 00:09:48]} {[%emt
00:00:51]} 25. Bd2 {[%clk 00:28:30]} {[%emt 00:01:22]} Nd6 {[%clk 00:06:47]}
{[%emt 00:03:32]} 26. Bf4 {[%clk 00:25:10]} {[%emt 00:03:49]} Kc7 {[%clk
00:05:11]} {[%emt 00:02:05]} 27. Bxd6+ {[%clk 00:25:17]} {[%emt 00:00:22]} exd6
{[%clk 00:05:40]} {[%emt 00:00:03]} 28. Rh5 {[%clk 00:22:50]} {[%emt 00:02:56]}
Rg8 {[%clk 00:04:53]} {[%emt 00:01:18]} 29. Nd4 {[%clk 00:21:52]} {[%emt
00:01:27]} Kd7 {[%clk 00:05:04]} {[%emt 00:00:19]} 30. Kf3 {[%clk 00:21:33]}
{[%emt 00:00:49]} Rg5 {[%clk 00:04:54]} {[%emt 00:00:41]} 31. Rh1 {[%clk
00:21:04]} {[%emt 00:00:58]} d5 {[%clk 00:04:09]} {[%emt 00:01:15]} 32. g4
{[%clk 00:20:53]} {[%emt 00:00:42]} Kd6 {[%clk 00:01:47]} {[%emt 00:02:51]} 33.
Nf5+ {[%clk 00:20:04]} {[%emt 00:01:18]} Kc5 {[%clk 00:02:11]} {[%emt
00:00:06]} 34. Rc1+ {[%clk 00:19:31]} {[%emt 00:01:01]} Kb4 {[%clk 00:02:02]}
{[%emt 00:00:40]} 35. Rc7 {[%clk 00:17:40]} {[%emt 00:02:22]} b6 {[%clk
00:02:17]} {[%emt 00:00:15]} 36. Rxa7 {[%clk 00:17:24]} {[%emt 00:00:48]} h5
{[%clk 00:02:29]} {[%emt 00:00:17]} 37. Ra4+ {[%clk 00:17:00]} {[%emt
00:00:54]} Kc3 {[%clk 00:02:21]} {[%emt 00:00:37]} 38. Nd4 {[%clk 00:10:32]}
{[%emt 00:06:58]} hxg4 {[%clk 00:02:12]} {[%emt 00:00:40]} 39. Kg2 {[%clk
00:09:07]} {[%emt 00:01:53]} Bc5 {[%clk 00:01:19]} {[%emt 00:01:24]} 40. Ne2+
{[%clk 00:07:30]} {[%emt 00:02:06]} Kd2 {[%clk 00:00:57]} {[%emt 00:00:52]} 41.
Nf4 {[%clk 00:05:57]} {[%emt 00:02:03]} Rf5 {[%clk 00:00:35]} {[%emt 00:00:53]}
42. Kg3 {[%clk 00:04:40]} {[%emt 00:01:48]} b5 {[%clk 00:00:48]} {[%emt
00:00:17]} 43. Ra6 {[%clk 00:04:49]} {[%emt 00:00:21]} Bxf2+ {[%clk 00:00:41]}
{[%emt 00:00:36]} 44. Kxg4 {[%clk 00:04:58]} {[%emt 00:00:23]} Rg5+ {[%clk
00:00:49]} {[%emt 00:00:21]} 45. Kf3 {[%clk 00:05:11]} {[%emt 00:00:17]} Be1
{[%clk 00:00:41]} {[%emt 00:00:38]} 46. Re6 {[%clk 00:05:11]} {[%emt 00:00:30]}
Rg3+ {[%clk 00:00:56]} {[%emt 00:00:16]} 0-1